Mikroskopická analýza povlakovaných strižných nástrojov = Microscopic analysis of coated cutting tools : Diplomová práca

Salvato in:
Dettagli Bibliografici
Autore principale: Hudáková, Ivana (Autore)
Altri autori: Grgač, Peter, 1952- (xxx)
Natura: Manoscritto Libro
Lingua:slovacco
Pubblicazione: Trnava : STU v Bratislave MtF KMI, 2007
Soggetti:
Tags: Aggiungi Tag
Nessun Tag, puoi essere il primo ad aggiungerne!!

MARC

LEADER 00000ntm a22000003a 4500
001 stu143847
005 20160719155751.4
008 070806s2007----xo------------------slo-d
040 |a STU  |b slo 
041 0 |a slo 
044 |a xo 
100 1 |a Hudáková, Ivana  |4 aut 
245 1 |a Mikroskopická analýza povlakovaných strižných nástrojov = Microscopic analysis of coated cutting tools :  |b Diplomová práca 
260 |a Trnava :  |b STU v Bratislave MtF KMI,  |c 2007 
300 |a 70 s  |c 1 CD-ROM 
500 |a Program: technické materiály 
650 7 |a nástrojové ocele  |2 stusub 
650 7 |a strihanie  |2 stusub 
650 7 |a povlaky  |2 stusub 
700 1 |a Grgač, Peter,  |d 1952-  |4 xxx  |u M1000  |U MTF Materiálovotechnologická fakulta  |T MTF Ústav materiálov  |X 4174  |U M1000  |Y 81  |7 A000004174 
996 |b 284M076813  |c M*DP-6684  |l MMSKP  |s P  |a 0  |w stu143847_0001